000 01084cam a2200289 a 4500
001 000002844
005 20200929150253.0
008 811203s1981 ag b 001 0 spa
020 _a9509097403
040 _aDO-SdBNP
_cDLC
_dDLC
041 1 7 _aesp
_heng
082 _a813.54
_bG174
100 1 _aGalloway, David D.
_98999
240 1 3 _aEl heroe absurdo.
_lEspañol
245 1 3 _aEl heroe absurdo :
_ben la obra de Updike, Styron, Bellow, Salinger /
_cDavid Galloway; traducción, Anibal Leal.
260 _aBuenos Aires :
_bFraterna,
_c1981.
300 _a265 p. ;
_c20 cm.
504 _aIncluye bibliografía: p. [239]-258.
500 _aIncluye índice
534 _aTítulo original :
_tThe absurd hero in American fiction : in the works of Updike, Styron, Bellow, Salinger.
650 4 _aLiteratura estadounidense
_9263
650 4 _aFicción de américa
_ySIGLO XX
_xHistoria y crítica
_99000
650 4 _aHeroes en literatura
_99001
650 4 _aAbsurdo (filosofía) en literatura
_99002
700 1 _aLeal, Anibal,
_etr.
_94573
910 _aCatalogación por copia / LC
999 _c2678
_d2678